Lectures on K(X) /
Guardado en:
| Autor Principal: | |
|---|---|
| Otros Autores: | |
| Formato: | Libro |
| Idioma: | English |
| Publicado: |
New York :
W. A. Benjamin,
1969.
|
| Series: | Mathematics lecture note series
|
| Etiquetas: |
Agregar Etiqueta
Sin Etiquetas, Sea el primero en etiquetar este registro!
|
| LEADER | 01001cam a22002415a 4500 | ||
|---|---|---|---|
| 001 | MAT.inmabb002222 | ||
| 008 | 690811s1969####nyu######b####000#0#eng#d | ||
| 005 | 20150320145855.0 | ||
| 245 | 1 | 0 | |a Lectures on K(X) / |c Raoul Bott. |
| 260 | |a New York : |b W. A. Benjamin, |c 1969. | ||
| 300 | |a x, 203 p. ; |c 24 cm. | ||
| 440 | 0 | |a Mathematics lecture note series | |
| 500 | |a Notas de un seminario dirigido por el autor en Harvard, 1963. | ||
| 500 | |a Incluye reimpresiones de tres artículos: On the periodicity theorem for complex vector bundles / by M. Atiyah and R. Bott -- Clifford modules / M. F. Atiyah, R. Bott and A. Shapiro -- The stable homotopy of the classical groups / by R. Bott. | ||
| 504 | |a Incluye referencias bibliográficas. | ||
| 510 | 4 | |a MR, |c 41 #2667 | |
| 020 | |a 0805310509 (cloth) | ||
| 020 | |a 0805310517 (paper) | ||
| 100 | 1 | |a Bott, Raoul, |d 1923- | |
| 700 | 1 | 2 | |a Atiyah, Michael Francis, |d 1929- |
| 084 | |a 19 |2 msc2000 | ||
| 010 | |a 77085485 | ||
| 859 | |h 19 |i B751 |p A-3894 |b BIB. MATEMATICA | ||
